[Event "It (open)"]
[Site "masterchessopen.com - Sant Boi (Spain)"]
[Date "2009.04.24"]
[Round "1"]
[White "Palomero Galvez Antonio (ESP)"]
[Black "Diaz Carrasco Sergio (ESP)"]
[Result "1-0"]
[WhiteElo "1689"]
[BlackElo "2146"]

1.d4 Nf6 2.c4 c5 3.d5 e6 4.Nc3 exd5 5.cxd5 d6 6.e4 g6 7.h3 Bg7 8.Nf3 O-O 9.Bd3
Re8 10.O-O a6 11.a4 Nbd7 12.a5 Qc7 13.Be3 b5 14.axb6 Nxb6 15.Qe2 Bd7 16.Nd2 a5
17.f3 Re7 18.Nc4 Nh5 19.Qf2 Nxc4 20.Bxc4 Rb8 21.Rfc1 f5 22.g4 f4 23.Bxc5 dxc5
24.d6+ Be6 25.dxc7 Rc8 26.Bxe6+ Rxe6 27.Qxc5 {#r} 1-0

[Event "It (open)"]
[Site "masterchessopen.com - Calvi (France)"]
[Date "2009.04.29"]
[Round "2"]
[White "Laurent Francois (FRA)"]
[Black "Vincenti Francois-Xavier (FRA)"]
[Result "1-0"]
[WhiteElo "1971"]
[BlackElo "1833"]

1.d4 Nf6 2.c4 c5 3.d5 e6 4.Nc3 exd5 5.cxd5 d6 6.e4 g6 7.Bd3 Bg7 8.Nge2 a6 9.a4
O-O 10.O-O Re8 11.Ng3 Nbd7 12.f4 Rb8 13.e5 dxe5 14.f5 Nb6 15.fxg6 hxg6 16.Bg5
Qd6 17.Bxf6 Nxd5 18.Bxg7 Kxg7 19.Bc4 {#r} 1-0

[Event "It (open)"]
[Site "masterchessopen.com - La Laguna (Spain)"]
[Date "2009.05.06"]
[Round "3"]
[White "Kasparov Sergey (BLR)"]
[Black "Perez Gutierrez Nauzet (ESP)"]
[Result "1-0"]
[WhiteElo "2487"]
[BlackElo "2026"]

1.d4 Nf6 2.c4 c5 3.d5 e6 4.Nc3 exd5 5.cxd5 d6 6.e4 g6 7.Bd3 Bg7 8.Nge2 O-O
9.O-O Na6 10.h3 Nc7 11.a4 Rb8 12.Bg5 a6 13.Rb1 b5 14.axb5 axb5 15.b4 c4 16.Bc2
h6 17.Be3 Nfe8 18.Qd2 Qh4 19.f4 f5 20.e5 dxe5 21.d6 Ne6 22.d7 exf4 23.dxc8=Q
Rxc8 24.Nxf4 Rd8 25.Qc1 Nxf4 26.Rxf4 Qf6 27.Nxb5 {#r} 1-0

[Event "Ch Chigorin Chess Club"]
[Site "masterchessopen.com - St. Petersburg (Russia)"]
[Date "2009.05.19"]
[Round "1"]
[White "Pischikov Vadim (RUS)"]
[Black "Sheynin Izrail (RUS)"]
[Result "0-1"]
[WhiteElo "1959"]
[BlackElo "2162"]

1.d4 Nf6 2.c4 c5 3.d5 e6 4.Nc3 exd5 5.cxd5 d6 6.e4 g6 7.h3 Bg7 8.Nf3 O-O 9.Bd3
b5 10.Bxb5 Nxe4 11.Nxe4 Qa5+ 12.Nc3 Bxc3+ 13.bxc3 Qxb5 14.Be3 Ba6 15.Qd2 Nd7
16.O-O-O Rab8 17.Qc2 Qa5 18.a4 Nb6 19.Nd2 Nxa4 {#R} 0-1

[Event "It (open)"]
[Site "masterchessopen.com - Val Thorens (France)"]
[Round "6"]
[White "Lauferon Patrick (FRA)"]
[Black "Mahiouz Oualid (FRA)"]
[Result "1-0"]
[WhiteElo "2249"]
[BlackElo "2021"]

1.d4 Nf6 2.c4 c5 3.d5 e6 4.Nc3 exd5 5.cxd5 d6 6.e4 g6 7.h3 Bg7 8.Nf3 O-O 9.Bd3
b5 10.Bxb5 Nxe4 11.Nxe4 Qa5+ 12.Nfd2 Qxb5 13.Nxd6 Qa6 14.N2c4 Nd7 15.O-O Nb6
16.Nxb6 Qxb6 17.Nxc8 Raxc8 18.Rb1 c4 19.Be3 Qa5 20.d6 Rfd8 21.Bf4 Be5 22.Bxe5
Qxe5 23.Re1 {#r} 1-0

[Event "It (open) (b)"]
[Site "masterchessopen.com - Kowalewo Pomorskie (Poland)"]
[Date "2009.07.08"]
[Round "6"]
[White "Kapica Pawel (POL)"]
[Black "Pawlowski Pawel (POL)"]
[Result "0-1"]
[WhiteElo "1869"]
[BlackElo "1884"]

1.d4 Nf6 2.c4 e6 3.Nc3 c5 4.d5 exd5 5.cxd5 d6 6.e4 g6 7.Bg5 Bg7 8.f4 Qa5 9.Qc2
O-O 10.Nf3 Nxe4 11.Qxe4 Bxc3+ 12.bxc3 Qxc3+ 13.Kf2 Qxa1 14.Qe7 Bg4 15.Qxb7 Nd7
16.Bb5 Qb2+ 17.Kg3 Rab8 {#R} 0-1

[Event "It (open)"]
[Site "masterchessopen.com - Gran Canarian (Spain)"]
[Date "2009.07.13"]
[Round "1"]
[White "Santana Benitez Romen (ESP)"]
[Black "Ortega Hermida Daniel (ESP)"]
[Result "0-1"]
[WhiteElo "1473"]
[BlackElo "2392"]

1.d4 Nf6 2.c4 c5 3.d5 e6 4.Nc3 exd5 5.cxd5 d6 6.e4 g6 7.Bb5+ Nbd7 8.f4 a6
9.Ba4 b5 10.Bc2 Bg7 11.Nf3 O-O 12.O-O Re8 13.Nd2 Nb6 14.Qe1 Nbxd5 15.Nxd5 Nxd5
16.Qg3 Bd4+ 17.Rf2 Ne3 {#R} 0-1

[Event "Ch Great Britain"]
[Site "masterchessopen.com - Torquay (England)"]
[Date "2009.08.03"]
[Round "7"]
[White "Hawkins Jonathan (ENG)"]
[Black "Palliser Richard (ENG)"]
[Result "0-1"]
[WhiteElo "2325"]
[BlackElo "2413"]

1.d4 Nf6 2.c4 c5 3.d5 e6 4.Nc3 exd5 5.cxd5 d6 6.e4 g6 7.Bd3 Bg7 8.Nge2 O-O
9.O-O Ng4 10.Ng3 Qh4 11.h3 Nxf2 12.Rxf2 Qxg3 13.Bf4 Qh4 14.Nb5 a6 15.Nc7 Ra7
16.Bxd6 Bd4 17.Qd2 Nd7 18.Bxf8 Ne5 19.Rf1 Kxf8 20.Ne6+ Bxe6 21.dxe6 b6 22.Bc2
Kg7 23.Bb3 fxe6 24.Bxe6 Re7 25.Bd5 Nf3+ {#R} 0-1

[Event "Zt"]
[Site "masterchessopen.com - New Delhi (India)"]
[Date "2009.08.15"]
[Round "11"]
[White "Amir Karim (PAK)"]
[Black "Sriram Jha (IND)"]
[Result "0-1"]
[WhiteElo "2248"]
[BlackElo "2459"]

1.d4 Nf6 2.c4 c5 3.d5 e6 4.Nc3 exd5 5.cxd5 d6 6.e4 g6 7.Bd3 Bg7 8.Nge2 O-O
9.O-O a6 10.a4 Re8 11.h3 Nbd7 12.Be3 Ne5 13.Rc1 Rb8 14.Ng3 Nxd3 15.Qxd3 b5
16.axb5 axb5 17.b4 c4 18.Qd2 Bd7 19.Ra1 Ra8 {#R} 0-1

[Event "Ch World (juniors) (under 16) (g)"]
[Site "masterchessopen.com - Kemer (Turkey)"]
[Date "2009.11.16"]
[Round "6"]
[White "Batkovskyte Dominyka (LTU)"]
[Black "Anu Bayar (MGL)"]
[Result "0-1"]
[WhiteElo "2006"]
[BlackElo "1845"]

1.d4 Nf6 2.c4 e6 3.Nc3 c5 4.d5 exd5 5.cxd5 d6 6.e4 g6 7.Bd3 Bg7 8.h3 O-O 9.Nf3
b5 10.Bxb5 Nxe4 11.Nxe4 Qa5+ 12.Nfd2 Qxb5 13.Nxd6 Qa6 14.N2c4 Nd7 15.O-O Ne5
16.Nxc8 Raxc8 17.Nxe5 Bxe5 18.Bh6 Rfd8 19.Re1 Qf6 20.Qd2 Rd7 21.Rad1 Bd4
22.Re2 Rcd8 23.Qd3 g5 24.Bxg5 Qxg5 {#R} 0-1

[Event "Ch Region (seniors)"]
[Site "masterchessopen.com - Voronezh (Russia)"]
[Date "2009.11.23"]
[Round "4"]
[White "Vechkanov Valery (RUS)"]
[Black "Nartov Albert (RUS)"]
[Result "1-0"]
[WhiteElo "1965"]
[BlackElo "1786"]

1.d4 Nf6 2.c4 e6 3.Nc3 c5 4.d5 exd5 5.cxd5 d6 6.e4 Be7 7.Nf3 Bg4 8.Be2 Nbd7
9.O-O O-O 10.h3 Bh5 11.Bf4 a6 12.Bh2 Re8 13.Nd2 Bg6 14.f4 h6 15.e5 dxe5
16.fxe5 Nxe5 17.Bxe5 Nxd5 18.Nxd5 Qxd5 19.Bc3 Rab8 20.Bc4 Qc6 21.Qb3 b5
22.Bxf7+ Kh7 23.Bxg6+ Kxg6 24.Qf7+ {#r} 1-0

[Event "It (open) \"]
[Site "masterchessopen.com - Schwaebisch Gmund (Germany)"]
[Date "2010.01.02"]
[Round "1"]
[White "Kniest Oliver (GER)"]
[Black "Huynh Nguyen Anh Quan (VIE)"]
[Result "1-0"]
[WhiteElo "2322"]
[BlackElo "1754"]

1.d4 Nf6 2.c4 e6 3.Nc3 c5 4.d5 exd5 5.cxd5 d6 6.e4 Be7 7.f4 Nbd7 8.Nf3 Nb6
9.Bb5+ Bd7 10.e5 dxe5 11.d6 Bf8 12.fxe5 a6 13.Be2 Ng4 14.O-O f6 15.Qe1 Be6
16.exf6 Qxd6 17.f7+ Kd7 18.Bg5 Nf6 19.Bxf6 gxf6 20.Rd1 Bd5 21.Nxd5 {#r} 1-0

[Event "Czech League 2009/10 (krajsky prebor)"]
[Site "masterchessopen.com - Czech Republic"]
[Date "2010.01.24"]
[Round "7"]
[White "Podgorny Radim"]
[Black "Mares Jan"]
[Result "0-1"]
[WhiteElo "1734"]
[BlackElo "1780"]

1.d4 Nf6 2.c4 c5 3.d5 e6 4.Nc3 exd5 5.cxd5 d6 6.e4 g6 7.h3 Bg7 8.Nf3 O-O 9.Bd3
Re8 10.O-O a6 11.a4 Nbd7 12.Nd2 Ne5 13.Bc2 Qe7 14.f4 Ned7 15.Re1 Nb6 16.a5
Nbxd5 17.Ba4 Nxc3 18.bxc3 Bd7 19.Nc4 Bxa4 20.Rxa4 Nxe4 21.Nxd6 Qxd6 22.Raxe4
Rxe4 23.Qxd6 Rxe1+ 24.Kh2 Rxc1 {#R} 0-1

[Event "Ch City (final)"]
[Site "masterchessopen.com - Omsk (Russia)"]
[Date "2010.02.20"]
[Round "1"]
[White "Strizhachenko Yuri (RUS)"]
[Black "Petrenko Andrey (RUS)"]
[Result "1-0"]
[WhiteElo "2100"]
[BlackElo "1882"]

1.c4 Nf6 2.d4 c5 3.d5 e6 4.Nc3 exd5 5.cxd5 d6 6.e4 g6 7.Bc4 Bg7 8.Nge2 O-O
9.O-O Re8 10.f3 a6 11.a4 Nbd7 12.h3 Qc7 13.Bd2 Ne5 14.b3 Nfd7 15.f4 Nxc4
16.bxc4 Bd4+ 17.Kh1 Nf6 18.Qc2 Nxe4 19.Nxe4 Bxa1 20.Rxa1 Bf5 21.N2g3 Rxe4
22.Nxe4 Qe7 23.Re1 Qh4 24.Qc3 {#r} 1-0

[Event "Tournament \"]
[Site "masterchessopen.com - Cheliabinsk (Russia)"]
[Date "2010.02.24"]
[Round "1"]
[White "Pivovarov Michail (ITA)"]
[Black "Vlasov Vladislav (RUS)"]
[Result "0-1"]
[WhiteElo "1869"]
[BlackElo "2216"]

1.d4 Nf6 2.c4 c5 3.d5 e6 4.Nc3 exd5 5.cxd5 d6 6.e4 g6 7.Bd3 Bg7 8.Nge2 O-O
9.O-O a6 10.a4 Nbd7 11.f4 Qc7 12.b3 Re8 13.Rb1 b5 14.axb5 axb5 15.Ng3 b4
16.Nce2 h5 17.Qc2 Ba6 18.h4 Ng4 19.f5 Bxd3 20.Qxd3 Ra2 21.fxg6 fxg6 22.Bg5
Nde5 23.Qd1 c4 24.Rc1 Qb6+ 25.Kh1 Nd3 {#R} 0-1

[Event "Ch City (final)"]
[Site "masterchessopen.com - Novosibirsk (Russia)"]
[Date "2010.03.01"]
[Round "1"]
[White "Kezin Roman (RUS)"]
[Black "Krasnov Yury (RUS)"]
[Result "1-0"]
[WhiteElo "2312"]
[BlackElo "2029"]

1.d4 Nf6 2.c4 e6 3.Nc3 c5 4.d5 exd5 5.cxd5 d6 6.e4 g6 7.h3 Bg7 8.Nf3 O-O 9.Bd3
b5 10.Bxb5 Nxe4 11.Nxe4 Qa5+ 12.Nfd2 Qxb5 13.Nxd6 Qa6 14.N2c4 Rd8 15.Qe2 Bf8
16.Bf4 Nd7 17.Bg5 f6 18.Qe6+ Kg7 19.Qf7+ Kh8 20.Bxf6+ Nxf6 21.Qxf6+ Kg8
22.Qxd8 {#r} 1-0

[Event "It (open)"]
[Site "masterchessopen.com - Thessaloniki (Greece)"]
[Date "2010.04.06"]
[Round "3"]
[White "Tsikrikonis Panagiotis (GRE)"]
[Black "Piscopo Pierluigi (ITA)"]
[Result "0-1"]
[WhiteElo "2055"]
[BlackElo "2424"]

1.d4 Nf6 2.c4 c5 3.d5 e6 4.Nc3 exd5 5.cxd5 d6 6.e4 g6 7.Nge2 Bg7 8.Ng3 O-O
9.Be2 Na6 10.O-O Nc7 11.Be3 Re8 12.a4 Rb8 13.h3 a6 14.a5 b5 15.axb6 Rxb6
16.Qd2 h5 17.Bg5 Qd7 18.Rab1 Nh7 19.Bd3 Nxg5 20.Qxg5 Nb5 21.Nxb5 axb5 22.f4
Qd8 23.Qxd8 Rxd8 24.Kf2 c4 25.Bc2 Ra6 26.Rfc1 Ra2 27.Ne2 Bxb2 {#R} 0-1

[Event "Ch France (juniors) (under 20)"]
[Site "masterchessopen.com - Troyes (France)"]
[Date "2010.04.13"]
[Round "4"]
[White "Stephan Victor (FRA)"]
[Black "Poignot Quentin (FRA)"]
[Result "1-0"]
[WhiteElo "2249"]
[BlackElo "2114"]

1.d4 Nf6 2.c4 c5 3.d5 e6 4.Nc3 exd5 5.cxd5 d6 6.e4 g6 7.h3 Bg7 8.Nf3 O-O 9.Bd3
b5 10.Nxb5 Re8 11.O-O Nxe4 12.Re1 a6 13.Qa4 Nf6 14.Rxe8+ Nxe8 15.Nc3 Nd7
16.Bg5 Qc7 17.Re1 Nef6 18.Qf4 Nh5 19.Re8+ Nf8 20.Qe3 Bf6 21.Ne4 Bxb2 22.Be7
Bb7 23.Bxd6 Qd7 24.Re7 Qc8 25.Rc7 {#r} 1-0

[Event "Tournament (qual)"]
[Site "masterchessopen.com - Asuncion (Paraguay)"]
[Date "2010.05.04"]
[Round "8"]
[White "Bustos Sebastian (PAR)"]
[Black "Vera Carlos (PAR)"]
[Result "1-0"]
[WhiteElo "1778"]
[BlackElo "1851"]

1.d4 c5 2.d5 e6 3.c4 exd5 4.cxd5 Nf6 5.Nc3 d6 6.e4 a6 7.a4 b6 8.h3 g6 9.Nf3
Bg7 10.Bf4 O-O 11.Bd3 Bb7 12.O-O Re8 13.Re1 Qc7 14.e5 dxe5 15.Bxe5 Qd7 16.Bc4
Rd8 17.Qb3 b5 18.axb5 axb5 19.Bxb5 Qf5 20.Rxa8 Bxa8 21.Bc7 Rc8 22.Re5 Rxc7
23.Rxf5 gxf5 24.d6 Ra7 25.Bc4 Nc6 26.Nd5 Ne4 27.Ne7+ {#r} 1-0

[Event "Liga Mazowiecka 2009/10"]
[Site "masterchessopen.com - Poland"]
[Date "2010.05.09"]
[Round "11"]
[White "Borowicz Miroslaw (POL)"]
[Black "Kaliszewski Tomasz (POL)"]
[Result "0-1"]
[WhiteElo "1776"]
[BlackElo "2074"]

1.d4 Nf6 2.c4 c5 3.d5 e6 4.Nc3 exd5 5.cxd5 d6 6.e4 g6 7.Bd3 Bg7 8.Nge2 O-O
9.O-O Na6 10.Bxa6 bxa6 11.Qc2 Re8 12.f3 Rb8 13.Rb1 Qb6 14.Na4 Qd8 15.b3 Bd7
16.Nb2 Nxd5 17.Nc4 Nb4 18.Qd2 d5 19.a3 dxc4 20.axb4 Bb5 21.Rd1 c3 22.Nxc3 Bxc3
{#R} 0-1

[Event "It (open) (seniors)"]
[Site "masterchessopen.com - Triesen (Liechtenstein)"]
[Date "2010.05.15"]
[Round "9"]
[White "Haertl Siegfried (AUT)"]
[Black "Schmid Wolfgang (GER)"]
[Result "0-1"]
[WhiteElo "2046"]
[BlackElo "2244"]

1.d4 c5 2.d5 d6 3.c4 Nf6 4.Nc3 e6 5.e4 exd5 6.cxd5 a6 7.a4 g6 8.Bd3 Bg7 9.Nge2
O-O 10.O-O Qe7 11.Bg5 h6 12.Bd2 Nbd7 13.f4 c4 14.Bc2 Nc5 15.Ng3 Ng4 16.Qf3
Bd4+ {#R} 0-1

[Event "It (open)"]
[Site "masterchessopen.com - Zalakaros (Hungary)"]
[Date "2010.05.26"]
[Round "1"]
[White "Voegerl Ronald (GER)"]
[Black "Nagy Gabor (HUN)"]
[Result "0-1"]
[WhiteElo "2058"]
[BlackElo "2372"]

1.d4 Nf6 2.c4 c5 3.d5 e6 4.Nc3 exd5 5.cxd5 d6 6.e4 g6 7.h3 Bg7 8.Bd3 O-O 9.Bg5
Nbd7 10.Nf3 a6 11.a4 Qc7 12.O-O Rb8 13.Qd2 Re8 14.Rfe1 c4 15.Bc2 b5 16.axb5
axb5 17.Nd4 b4 18.Ncb5 Qc5 19.Na7 c3 20.bxc3 Nxe4 21.cxb4 Qxd4 22.Qxd4 Bxd4
23.Nc6 Bxa1 24.Nxb8 Nxb8 {#R} 0-1

[Event "It (a) (open)"]
[Site "masterchessopen.com - Kostroma (Russia)"]
[Round "7"]
[White "Granovskiy Alexandr (KAZ)"]
[Black "Kamov Igor (RUS)"]
[Result "0-1"]
[WhiteElo "2338"]
[BlackElo "2170"]

1.d4 Nf6 2.c4 c5 3.d5 e6 4.Nc3 exd5 5.cxd5 d6 6.e4 g6 7.Nge2 Bg7 8.Ng3 O-O
9.Be2 Re8 10.O-O a6 11.a4 Nbd7 12.Be3 Qc7 13.f3 Rb8 14.Qd2 b6 15.Rfc1 Ne5
16.b3 h5 17.Nh1 Qd7 18.h3 {#R} 0-1

[Event "Tournament (Elo) \"]
[Site "masterchessopen.com - Warsaw (Poland)"]
[Date "2010.07.13"]
[Round "5"]
[White "Malec Sebastian (POL)"]
[Black "Goslawski Michal (POL)"]
[Result "1-0"]
[WhiteElo "2155"]
[BlackElo "2039"]

1.d4 Nf6 2.c4 c5 3.d5 e6 4.Nc3 exd5 5.cxd5 d6 6.e4 g6 7.Bd3 Bg7 8.h3 O-O 9.Nf3
b5 10.Bxb5 Nxe4 11.Nxe4 Qa5+ 12.Nfd2 Qxb5 13.Nxd6 Qd7 14.N2c4 Ba6 15.O-O Bd4
16.Qf3 Bxc4 17.Nxc4 Qb5 18.Bh6 Rd8 19.b3 Bxa1 20.Rxa1 f5 21.Qc3 Qd7 22.Qf6 Na6
23.Ne5 Qb7 24.Qe6+ {#r} 1-0

[Event "Ch Netherlands (open) (juniors) (under 20)"]
[Site "masterchessopen.com - Enschede (Netherlands)"]
[Date "2010.08.10"]
[Round "3"]
[White "Mulder Ruward"]
[Black "IJzermans Gijs"]
[Result "0-1"]
[WhiteElo "1251"]
[BlackElo "1915"]

1.d4 Nf6 2.c4 c5 3.d5 e6 4.Nc3 exd5 5.cxd5 d6 6.e4 g6 7.Bf4 a6 8.Nf3 Bg7
9.Qa4+ Bd7 10.Qb3 Bc8 11.Qa4+ Nfd7 12.Bxd6 Qb6 13.e5 Qxb2 14.Rd1 Qxc3+ 15.Rd2
Bf8 16.Bc7 Bh6 17.Qh4 Bxd2+ 18.Nxd2 O-O {#R} 0-1

[Event "It (open)"]
[Site "masterchessopen.com - Rychnov (Czech Republic)"]
[Date "2010.08.23"]
[Round "1"]
[White "Slovak Martin (CZE)"]
[Black "Reichmann Pavel (CZE)"]
[Result "0-1"]
[WhiteElo "1761"]
[BlackElo "1896"]

1.d4 Nf6 2.c4 c5 3.d5 e6 4.Nc3 exd5 5.cxd5 d6 6.e4 g6 7.Bg5 Bg7 8.Qc2 O-O
9.Bd3 Nbd7 10.f4 Qa5 11.h3 a6 12.Ne2 b5 13.Qd2 c4 14.Bc2 Nc5 15.Rb1 b4 16.Bxf6
Bxf6 17.Nd1 Qb6 18.Ne3 b3 19.axb3 cxb3 20.Bd3 Re8 21.Nc4 Qc7 22.Qe3 Bf5
23.Nxd6 Qxd6 24.g4 Nxd3+ {#R} 0-1

[Event "It (open)"]
[Site "masterchessopen.com - Leyland (England)"]
[Date "2010.08.28"]
[Round "2"]
[White "Abbott Mark"]
[Black "Rabbitte Michael J (ENG)"]
[Result "0-1"]
[WhiteElo "2135"]
[BlackElo "1979"]

1.d4 Nf6 2.c4 c5 3.d5 e6 4.Nc3 exd5 5.cxd5 d6 6.e4 g6 7.h3 Bg7 8.Nf3 O-O 9.Bd3
b5 10.Nxb5 Re8 11.O-O Nxe4 12.Bf4 a6 13.Qc2 axb5 14.Bxe4 Ra4 15.Bg5 f6 16.Bd3
c4 17.Bxg6 hxg6 18.Qxg6 fxg5 19.Nxg5 Ra7 20.Qh7+ Kf8 21.Qg6 Re5 22.Nh7+ Kg8
23.Rae1 Bf5 24.Qg5 Qxg5 {#R} 0-1

[Event "It (open)"]
[Site "masterchessopen.com - Leyland (England)"]
[Date "2010.08.30"]
[Round "5"]
[White "Coates David H (ENG)"]
[Black "Rabbitte Dominic M (ENG)"]
[Result "0-1"]
[WhiteElo "2068"]
[BlackElo "1979"]

1.d4 Nf6 2.c4 c5 3.d5 e6 4.Nc3 exd5 5.cxd5 d6 6.e4 g6 7.Bd3 Bg7 8.h3 O-O 9.Nf3
Nh5 10.O-O Nd7 11.Bg5 Bf6 12.Bh6 Re8 13.Re1 Ne5 14.Nxe5 Bxe5 15.Qd2 Qf6 16.Bg5
Bf4 17.Bxf6 Bxd2 18.Red1 Bf4 19.Bb5 Nxf6 20.Bxe8 Nxe8 21.f3 Bd7 22.a4 Nc7
23.Kf2 Re8 24.Ra2 h5 25.Rb1 {#R} 0-1

[Event "It (open)"]
[Site "masterchessopen.com - Porec (Croatia)"]
[Date "2010.12.02"]
[Round "1"]
[White "Rafaelic Denis (CRO)"]
[Black "Grbac Ivica (CRO)"]
[Result "0-1"]
[WhiteElo "1732"]
[BlackElo "2089"]

1.d4 c5 2.d5 e6 3.c4 exd5 4.cxd5 d6 5.e4 Nf6 6.Nc3 Be7 7.Nf3 Bg4 8.Be2 Nbd7
9.O-O O-O 10.Be3 a6 11.Nd2 Bxe2 12.Nxe2 b5 13.Ng3 Ne5 14.h3 c4 15.Nf3 Nfd7
16.Nd4 Bf6 17.Nh5 Nd3 18.b3 N7e5 19.bxc4 Nb2 20.Nxf6+ Qxf6 21.Qh5 Nbxc4 22.Nf5
Nxe3 23.fxe3 Nc4 24.Nxg7 Qxg7 25.Rf5 Qxa1+ 26.Kh2 Nd2 27.e5 {#R} 0-1

[Event "It (open) \"]
[Site "masterchessopen.com - Barcelona (Spain)"]
[Date "2011.01.07"]
[Round "1"]
[White "Gisbert Mir Alejandro (ESP)"]
[Black "Miguel Centeno David (ESP)"]
[Result "0-1"]
[WhiteElo "1788"]
[BlackElo "2092"]

1.d4 e6 2.c4 c5 3.d5 Nf6 4.Nc3 exd5 5.cxd5 d6 6.e4 g6 7.h3 Bg7 8.Nf3 O-O 9.Be2
b5 10.Nxb5 Nxe4 11.O-O Bb7 12.Rb1 Nd7 13.Nd2 Bxd5 14.Nc4 Ndf6 15.Bf4 Bxc4
16.Bxc4 d5 17.f3 dxc4 18.fxe4 Nxe4 19.Qf3 Nd2 20.Bxd2 Qxd2 21.Rbd1 Qxb2 22.Rd7
Qxb5 {#R} 0-1

[Event "Tournament (open)"]
[Site "masterchessopen.com - Bogota (Colombia)"]
[Date "2011.02.06"]
[Round "6"]
[White "Coy William (COL)"]
[Black "Rios Parra Alejandro"]
[Result "0-1"]
[WhiteElo "1903"]
[BlackElo "2336"]

1.d4 Nf6 2.c4 e6 3.Nc3 c5 4.d5 exd5 5.cxd5 d6 6.e4 g6 7.Bd3 Bg7 8.Nge2 O-O
9.O-O Na6 10.Bxa6 bxa6 11.Qd3 Re8 12.Rb1 Rb8 13.f3 Nd7 14.f4 Qb6 15.Be3 a5
16.Rf3 Nf6 17.h3 Ba6 18.Qc2 Bxe2 19.Qxe2 Nxe4 20.Nxe4 Rxe4 21.b3 Rbe8 22.Qd3
Rxe3 23.Rxe3 Rxe3 {#R} 0-1

[Event "Czech League 2010/11 (krajsky prebor)"]
[Site "masterchessopen.com - Czech Republic"]
[Date "2011.02.13"]
[Round "8"]
[White "Tomek Bohuslav"]
[Black "Soukal Roman (CZE)"]
[Result "1-0"]
[WhiteElo "1976"]
[BlackElo "1919"]

1.d4 Nf6 2.c4 c5 3.d5 e6 4.Nc3 d6 5.e4 exd5 6.cxd5 Be7 7.Bd3 O-O 8.f4 Nfd7
9.Nf3 a6 10.a4 Re8 11.O-O f6 12.Qc2 Nf8 13.Nh4 Qc7 14.b3 Nbd7 15.Rf3 g6 16.Rg3
Kf7 17.e5 fxe5 18.Nxg6 exf4 19.Bxf4 Bf6 20.Nxf8 Rxf8 21.Bh6 Rh8 22.Rf1 {#r}
1-0

[Event "It (open)"]
[Site "masterchessopen.com - Blagny (France)"]
[Round "5"]
[White "Delmont Jean-Robert (FRA)"]
[Black "Salentiny Eric (LUX)"]
[Result "0-1"]
[WhiteElo "1984"]
[BlackElo "1962"]

1.d4 Nf6 2.c4 e6 3.Nc3 c5 4.d5 exd5 5.cxd5 d6 6.e4 a6 7.a4 Bg4 8.f3 Bh5 9.Bd3
Nbd7 10.Nge2 Ne5 11.O-O g5 12.g4 Nfxg4 13.fxg4 Bxg4 14.Qc2 c4 15.Bxc4 Qb6+
16.Kh1 Nxc4 17.Ng3 Ne5 18.a5 Qc5 19.Qa4+ Bd7 20.Qb3 Bh3 21.Qxb7 Rc8 22.Na4 Qc2
23.Rg1 Nf3 24.Be3 Qxh2# 0-1

[Event "It (open)"]
[Site "masterchessopen.com - Jakarta (Indonesia)"]
[Date "2011.04.05"]
[Round "7"]
[White "Mahmud Syarif (INA)"]
[Black "Azarya Jodi Setyaki (INA)"]
[Result "1-0"]
[WhiteElo "2315"]
[BlackElo "1901"]

1.d4 Nf6 2.c4 c5 3.d5 e6 4.Nc3 exd5 5.cxd5 d6 6.e4 g6 7.h3 Bg7 8.Nf3 O-O 9.Bd3
b5 10.Nxb5 Re8 11.O-O Nxe4 12.Re1 a6 13.Na3 f5 14.Nc4 Bb7 15.Bxe4 fxe4 16.Ng5
Bd4 17.Nxe4 Bxd5 18.Bg5 Bxc4 19.Bxd8 Rxd8 20.Qf3 Rf8 21.Nf6+ Rxf6 22.Qxa8 Rxf2
23.Kh1 Rf8 24.b3 Nd7 25.Re8 {#r} 1-0

[Event "Tournament (Elo)"]
[Site "masterchessopen.com - Itu (Brazil)"]
[Date "2011.04.11"]
[Round "10"]
[White "Grillo Cloves Moises (BRA)"]
[Black "Martinez Carlos Alejandro (BRA)"]
[Result "0-1"]
[WhiteElo "1710"]
[BlackElo "2501"]

1.d4 Nf6 2.c4 c5 3.d5 e6 4.Nc3 exd5 5.cxd5 d6 6.e4 g6 7.Bd3 Bg7 8.Bg5 O-O
9.Nge2 a6 10.Qd2 b5 11.a3 Nbd7 12.Ng3 c4 13.Be2 Nc5 14.Rb1 Re8 15.f3 Qb6
16.Be3 Qc7 17.h4 h5 18.Bd4 Nb3 19.Qd1 Nxd4 20.Qxd4 Nxe4 21.Qd1 Nxg3 22.Rh2
Bxc3+ 23.bxc3 Rxe2+ {#R} 0-1

[Event "It (open)"]
[Site "masterchessopen.com - Ambalangoda (Sri lanka)"]
[Date "2011.04.24"]
[Round "7"]
[White "Jayarathne M N G (SRI)"]
[Black "Koggala W S V K (SRI)"]
[Result "0-1"]
[WhiteElo "1786"]
[BlackElo "2027"]

1.d4 Nf6 2.c4 c5 3.d5 e6 4.Nc3 exd5 5.cxd5 d6 6.e4 g6 7.Bd3 Bg7 8.Nge2 O-O
9.O-O Re8 10.Ng3 Na6 11.Bb5 Bd7 12.Bxd7 Qxd7 13.f4 b5 14.a4 b4 15.Qd3 bxc3
16.Qxa6 Nxe4 17.bxc3 Bxc3 18.Rb1 Bd4+ 19.Kh1 Nxg3+ 20.hxg3 Qg4 {#R} 0-1

[Event "Ch World (schools) (under 15)"]
[Site "masterchessopen.com - Krakow (Poland)"]
[Date "2011.05.02"]
[Round "3"]
[White "Chmielarz Maciej (POL)"]
[Black "Dastan Batuhan (TUR)"]
[Result "0-1"]
[WhiteElo "1824"]
[BlackElo "2247"]

1.d4 Nf6 2.c4 c5 3.d5 e6 4.Nc3 exd5 5.cxd5 d6 6.e4 g6 7.f3 a6 8.a4 Nbd7 9.Nh3
c4 10.Nf2 Rb8 11.Ng4 Ra8 12.Ne5 Nxe5 13.Kf2 Be6 14.Kg3 {#R} 0-1

[Event "It (open)"]
[Site "masterchessopen.com - Bussum (Netherlands)"]
[Date "2011.06.12"]
[Round "4"]
[White "Tjiam Dharma (NED)"]
[Black "Hazenberg Frans (NED)"]
[Result "1-0"]
[WhiteElo "2382"]
[BlackElo "1979"]

1.d4 Nf6 2.c4 e6 3.Nc3 c5 4.d5 exd5 5.cxd5 d6 6.e4 g6 7.Bd3 Bg7 8.Nge2 O-O
9.O-O Re8 10.Ng3 a6 11.a4 Nbd7 12.f4 c4 13.Bc2 Nc5 14.h3 h5 15.Qf3 h4 16.Nh1
Qb6 17.Kh2 Bd7 18.Rb1 Qc7 19.f5 Rf8 20.Bg5 Nh5 21.f6 Ng3 22.fxg7 Nxf1+ 23.Rxf1
Kxg7 24.Bf6+ Kg8 25.Bg5 {#r} 1-0

[Event "Tournament (open)"]
[Site "masterchessopen.com - Rio de Janeiro (Brazil)"]
[Date "2011.07.01"]
[Round "2"]
[White "De Carvalho Jose Jorge (BRA)"]
[Black "Di Berardino Diego Rafael (BRA)"]
[Result "0-1"]
[WhiteElo "2183"]
[BlackElo "2483"]

1.d4 Nf6 2.c4 c5 3.d5 e6 4.Nc3 exd5 5.cxd5 d6 6.e4 g6 7.Bb5+ Bd7 8.Bd3 Bg7
9.Bf4 O-O 10.Qd2 Qe7 11.f3 b5 12.Bxb5 Nh5 13.Bg5 f6 14.Bxd7 Nxd7 15.Bh6 Bxh6
16.Qxh6 Ne5 17.Rd1 f5 18.Nh3 Qh4+ 19.Nf2 f4 20.g3 fxg3 21.hxg3 Qxg3 {#R} 0-1